000 00458cam a22001337a 4500
008 180718b1989 xxu||||| |||| 00| 0 eng d
082 _aI5 K55
100 _aKiggundu, Moses N.
245 _aManaging organizations in developing countries: an operational and strategic approach
_cby M.N. Kiggundu
260 _aConnceticut
_bKumarian
_c1989
300 _a328p.
650 _aDeveloping countries --Economic policy
650 _aManagement --Developing countries
999 _c476982
_d476982